[Event "Arapiraca Lopez Memorial 1st"]
[Site "Arapiraca"]
[Date "2016.??.??"]
[Round "4"]
[White "Dos Santos, Sergio Roberto"]
[Black "Da Fonseca, Douglas Barbosa"]
[Result "0-1"]
[WhiteElo "1800"]
[BlackElo "1800"]
[PlyCount "90"]
[EventDate "2016.07.16"]
[EventType "swiss"]
[EventRounds "6"]
[EventCountry "BRA"]
[SourceTitle "EXT 2017"]
[Source "ChessBase"]
[SourceDate "2016.10.25"]
[SourceVersion "1"]
[SourceVersionDate "2016.10.25"]
[SourceQuality "1"]

1. e4 e5 2. Nf3 d6 3. Nc3 Nf6 4. d3 Bg4 5. h3 Bxf3 6. Qxf3 g6 7. Bg5 Bg7 8. Nd5 Nbd7 9. g3 c6 10. Nb4 0-0 11. Bg2 Qc7 12. Qe3 c5 13. Nd5 Nxd5 14. exd5 Qa5+ 15. c3 Qa6 16. 0-0 b5 17. Be4 f6 18. Bh4 g5 19. Bf5 Nb6 20. Be6+ Kh8 21. Bxg5 fxg5 22. Qxg5 Bf6 23. Qh6 Qb7 24. a3 Nxd5 25. c4 Ne7 26. b3 bxc4 27. bxc4 d5 28. Rfd1 Qb3 29. Qc1 d4 30. Bg4 Rab8 31. h4 Qc3 32. Rd2 Qxc1+ 33. Rxc1 Bg7 34. Re2 Rb3 35. f4 Rxd3 36. Kg2 Nc6 37. Bf3 Rc8 38. Be4 Rxa3 39. Bd5 Nb4 40. Bf3 exf4 41. gxf4 Re3 42. Rb2 Nd3 43. Kg3 Nxb2 44. Kg4 d3 45. Rc3 Bxc3 0-1